00585 a2200181 4500999001900000001000600019003000500025005001700030008004100047082001400088100005100102245007400153250000800227260002500235300001400260942003300274952009600307 c322687d32268787614NUST20180124123617.0180124b xxu||||| |||| 00| 0 eng d a662.2 MEY aMeyer Rudolf; Josef Kohler; Axel Homburg99696 aExplosives, 6th edcRudolf Meyer, Josef Kohler, Axel HomburghEnglish a6th aGermanybWileyc2007 a421p,VIII aCAE NUSTcBKk662.2 MEY2ddc 001040708NFICaCAEbCAEd2017-04-03l0o662.2 MEYpCAEG-9896r2017-04-05w2017-04-05yBK